000 00478nam a2200169 i 4500
001 56079
003 ES-MaACL
005 20230906163258.0
007 t|
008 031002s1970 sp ||||1| spa d
100 1 _aDíaz-Plaja, Fernando,
_d1918-2012
_944396
245 1 3 _aLa Europa de Lenin /
_cFernando Díaz-Plaja.
260 _a[Barcelona :
_bPlaza & Janés,
_c1970]
300 _a195 p. ;
_c19 cm.
852 _aES-MaACL
_jC-49612
_bR.73469
999 _c56079
_d56079